000 00512nam a2200169 i 4500
001 134080
003 ES-MaACL
005 20250907063110.0
007 t|
008 070905s1917 it ||||1| fre d
100 1 _aWarren, Whitney,
_d1864-1943
_9116130
245 1 2 _aL'inmense effort de l'Italie /
_cWhitney Warren.
260 _aRoma :
_bDirezione della Nuova Antologia,
_c1917.
650 4 _aGuerra mundial, 1914-1918-
_zItalia.
_9156091
852 _aES-MaACL
_j1523-F-6
999 _c134080
_d134080